MARC

LEADER 00000nam0a2200000 4500
001 60852
005 20231031062043.0
010 |a 5283014872 
035 |a (RuTPU)RU\TPU\book\64341 
090 |a 60852 
100 |a 20040220d1988 km y0rusy50 ca 
101 0 |a rus 
102 |a RU 
105 |a a z 001zy 
200 1 |a Синтез систем управления на основе критерия максимальной степени устойчивости  |f Г. И. Загарий, А. М. Шубладзе 
210 |a Москва  |c Энергоатомиздат  |d 1988 
215 |a 101 с.  |c ил. 
225 1 |a Библиотека по автоматике  |v Вып. 669 
320 |a Библиогр.: с. 99-100 
610 1 |a автоматические системы 
610 1 |a технологические процессы 
610 1 |a синтез 
610 1 |a сигналы 
610 1 |a фильтрация 
610 1 |a управление 
675 |a 65.011.56  |v 3 
675 |a 681.51.037  |v 3 
700 1 |a Загарий  |b Г. И.  |g Геннадий Иванович 
701 1 |a Шубладзе  |b А. М.  |g Александр Михайлович 
801 1 |a RU  |b 63413507  |c 20040220  |g PSBO 
801 2 |a RU  |b 63413507  |c 20220415  |g PSBO 
942 |c BK